01323nam a2200253 a 450000100100000000500170001000800410002702000150006804000250008310000340010824502370014226000730037930000440045249000530049650400210054950501720057070000360074270000360077871000630081483000610087704900090093895201050094799900170105200003426020200930070919.0110929s2002 es abd 000 0 spa d a8400080416 aDO-SdBNPbspacBNPHU1 aPérez Yruela, Manuel95967710aPobreza y exclusión social en Andalucía /cManuel Pérez Yruela, Hilario Sáez Méndez y Manuel Trujillo Carmona ; equipo de investigación Luis Rodríguez Morcillo...[et.al] ; colaboradores Agustín Fleta, Ignacio Rejano. aCordoba :bConsejo Superior de Investigaciones Científicas,c2002. a475 p. ; :bil., gráf. map. ;c24 cm.1 aPoliteya. Estudios de política y sociedad;v18 aBibliográficas2 tPobreza y exclusión social: tipológías y análisis cuantitativo --tCaracterísticas de los procesos de exclusión social: análisis de las historias de vida1 aSáez Méndez, Hilario9596781 aTrujillo Carmona, Manuel9596791 aInstituto de Estudios Sociales Avanzados (España)959680 0aPoliteya. Estudios de política y sociedad ;v18915695 aBNPD 001050718MOaGRbGRcCTd2011-09-29iLF1l0o p34260-10r2020-06-25w2020-06-25y1ZNo se presta c33751d33751